000 00320nam a2200133Ia 4500
008 240624s9999 xx 000 0 und d
041 _aeng
082 _a342.954 BAK
100 _aBAKSHI P M
245 _aCONSTITUTION OF INDIA
260 _c2004
_aDelhi
_bUniversal Law Publishing
300 _axciv, : 438
365 _cRS
999 _c2369
_d2369